Transport in New Zealand (Record no. 498495)

000 -LEADER
fixed length control field 00346cam a22001097a 4500
008 - FIXED-LENGTH DATA ELEMENTS--GENERAL INFORMATION
fixed length control field 180718b1963 xxu||||| |||| 00| 0 eng d
082 ## - DEWEY DECIMAL CLASSIFICATION NUMBER
Classification number Wx931 N42
245 ## - TITLE STATEMENT
Title Transport in New Zealand
Statement of responsibility, etc. by Transport Department, New Zealand
260 ## - PUBLICATION, DISTRIBUTION, ETC.
Place of publication, distribution, etc. Wellington, N.Z.
Name of publisher, distributor, etc. Transport Department
Date of publication, distribution, etc. 1963
300 ## - PHYSICAL DESCRIPTION
Extent 57p.
700 ## - ADDED ENTRY--PERSONAL NAME
Personal name New Zealand. Transport Department
Holdings
Withdrawn status Lost status Damaged status Not for loan Permanent Location Current Location Date acquired Full call number Barcode Date last seen Price effective from Koha item type
        Indian Institute of Public Administration Indian Institute of Public Administration 2018-08-04 Wx931 N42 GG4339 2018-08-04 2018-08-04 GG

Powered by Koha